| Tag |
First Indicator |
Second Indicator |
Subfields |
| LEADER |
00000cam a2200000 4500 |
| 001 |
in00000078479 |
| 005 |
20151008052820.0 |
| 008 |
711202s1965 nyu 00000 eng u |
| 010 |
|
|
|a 65021955
|
| 035 |
|
|
|a (OCoLC)00177921
|
| 035 |
|
|
|9 AAH5003AM
|
| 040 |
|
|
|c WSU
|d OCL
|d TXA
|d UtOrBLW
|
| 049 |
|
|
|a TXAM
|c 1 [409829]
|
| 050 |
|
0 |
|a LB885
|b .S63
|
| 092 |
|
|
|a 370.1
|b S733b, 1965
|
| 092 |
|
|
|a 370.1
|b S
|
| 100 |
1 |
|
|a Spaght, Monroe Edward,
|d 1909-
|
| 245 |
1 |
4 |
|a The bright key ;
|b thoughts on the relation of business to research and education /
|c [by] Monroe E. Spaght. With an introd. by John W. Gardner.
|
| 264 |
|
1 |
|a New York :
|b Appleton-Century-Crofts,
|c 1965.
|
| 300 |
|
|
|a xiv, 200 pages ;
|c 21 cm.
|
| 336 |
|
|
|a text
|b txt
|2 rdacontent
|
| 337 |
|
|
|a unmediated
|b n
|2 rdamedia
|
| 338 |
|
|
|a volume
|b nc
|2 rdacarrier
|
| 650 |
|
0 |
|a Business and education.
|
| 650 |
|
0 |
|a Research.
|
| 650 |
|
0 |
|a Education.
|
| 999 |
|
|
|a MARS
|
| 999 |
f |
f |
|s ed714236-91bf-3d1e-924b-8fecf39b3e99
|i 29ed65c3-9620-3b52-b6ea-d6350d845c6f
|t 0
|
| 952 |
f |
f |
|p ric
|a Texas A&M University
|b Rellis Campus
|c Joint Library Facility
|d Remote Storage
|t 0
|e LB885 .S63
|h Library of Congress classification
|i unmediated -- volume
|m A14800819812
|
| 952 |
f |
f |
|a Texas A&M University
|b College Station
|c Sterling C. Evans Library
|d Halbouty Reading Rm (Halbouty Bldg 173) (Does not check out)
|t 0
|e 370.1 S
|h Dewey Decimal classification
|
| 998 |
f |
f |
|a 370.1 S
|t 0
|l Halbouty Reading Rm (Halbouty Bldg 173) (Does not check out)
|
| 998 |
f |
f |
|a LB885 .S63
|t 0
|l Remote Storage
|